000 00387nam a2200157Ia 4500
003 OSt
008 191201s2012 xx 000 0 und d
082 _a658.4034
_bRAO
100 _aRAVINDRAN,A
245 0 _aOperations Research: Principles and Practice
250 _aRep
260 _aNew Delhi
_bWiley Dreautech India
_c2012
300 _a637
650 _aB.Tech(ME)
942 _2ddc
_cBK
999 _c5641
_d5641